|
|
|
|
| LEADER |
00000nkm a2200000 a 4500 |
| 001 |
vtls010283119 |
| 003 |
SK-MaSNL |
| 005 |
20260331205604.0 |
| 007 |
kf bo |
| 008 |
200701s2011 xo g kuger |
| 015 |
|
|
|a SNBG2011/03-02339
|
| 040 |
|
|
|a SNK
|b slo
|c SNK
|e AACR2
|
| 041 |
0 |
|
|a ger
|
| 044 |
|
|
|a xo
|c SK
|
| 080 |
|
|
|a 741.5
|2 2001
|
| 080 |
|
|
|a (059)
|2 2001
|
| 100 |
1 |
|
|a Jakušev, Sergej,
|d 1956-
|4 ill
|4 aut
|4 art
|9 159705
|
| 245 |
1 |
0 |
|a Vor dem Spiegel
|h grafika
|b Kalender 2012
|c von Sergey Yakushev ; Übersetzung Martin Reinhardt
|
| 260 |
|
|
|a [S.l.]
|b [Sergey Yakushev]
|c [2011]
|
| 300 |
|
|
|a 1 kalendár ([12] l.)
|b fareb.
|c 42 x 29 cm
|
| 500 |
|
|
|a Mesačný kalendár
|
| 650 |
0 |
7 |
|a kreslený humor
|2 SNKPH
|9 1766
|
| 655 |
|
7 |
|a nástenné viaclistové kalendáre
|2 SNKPH
|9 302208
|
| 700 |
1 |
|
|a Reinhardt, Martin
|4 trl
|9 337528
|
| 958 |
|
|
|a GBN
|
| 999 |
|
|
|c 921821
|d 923751
|
| 952 |
|
|
|a SNK
|b SNK
|y PREZ
|7 0
|p 17A0704346
|o snkOSB 16295
|i snk2011/12825
|8 0
|0 0
|1 0
|4 0
|d 2011-06-02
|l 0
|r 2026-02-24 08:18:58
|w 2026-02-24
|
| 952 |
|
|
|a SNK
|b SNK
|y PREZ
|7 0
|p 17A0704347
|o snkOSB 16295 D1
|i snk2011/12826
|8 0
|0 0
|1 0
|4 0
|d 2011-06-02
|l 0
|r 2026-02-24 08:18:58
|w 2026-02-24
|